|
|
|
|
| LEADER |
01278nab a2200193 i 4500 |
| 001 |
univ74065 |
| 005 |
20250417125911.0 |
| 008 |
250417s2025 hu o 000 hun d |
| 040 |
|
|
|a SZTE UnivHistória Repozitórium
|b hun
|
| 041 |
|
|
|a hun
|
| 245 |
0 |
0 |
|a Kik legyenek az első JATE-díjasok?
|h [elektronikus dokumentum] :
|b ajánljon ön is kiválóságokat a Karikó Katalin által alapított kitüntetésre!
|
| 260 |
|
|
|c 2025-04-16
|
| 490 |
0 |
|
|a SZTE Info
|
| 561 |
|
|
|a Karikó Katalin sajtóarchívum
|
| 695 |
|
|
|a Kitüntetés - JATE-díj, Alapító - JATE-díj - Volt egyetemi hallgató - Karikó Katalin - Nobel-díjas biokémikus - egyetemi tanár - Adjunct Professor of Neurosurgery, Természettudományi és Informatikai Kar - TTIK, University of Pennsylvania - USA, Kutatás - mRNS-technológia, Rendezvénysorozat - Szegedi Tudományegyetem Napja - Egyetem Napja - 2025
|
| 700 |
0 |
2 |
|a Sahin-Tóth István
|
| 700 |
0 |
2 |
|a Kovács-Jerney Ádám
|
| 700 |
0 |
2 |
|a Újszászi Ilona
|
| 856 |
4 |
0 |
|u http://univ.bibl.u-szeged.hu/74065/1/Szegedi%20Tudom%C3%A1nyegyetem%20_%20Kik%20legyenek%20az%20els%C5%91%20JATE-d%C3%ADjasok_%20Aj%C3%A1nljon%20%C3%B6n%20is%20kiv%C3%A1l%C3%B3s%C3%A1gokat%20a%20Karik%C3%B3%20Katalin%20%C3%A1ltal%20alap%C3%ADtott%20kit%C3%BCntet%C3%A9sre%21.pdf
|z Dokumentum-elérés
|